|
|
|
|
| LEADER |
01393nam a22003734a 4500 |
| 001 |
EBC3001793 |
| 003 |
MiAaPQ |
| 005 |
20200520144314.0 |
| 006 |
m o d | |
| 007 |
cr cn||||||||| |
| 008 |
040804s2005 nyua sb 001 0 eng |
| 010 |
|
|
|z 2004018327
|
| 020 |
|
|
|z 9780814428498
|
| 020 |
|
|
|z 081447232X (hardcover)
|
| 035 |
|
|
|a (MiAaPQ)EBC3001793
|
| 035 |
|
|
|a (Au-PeEL)EBL3001793
|
| 035 |
|
|
|a (CaPaEBR)ebr10075592
|
| 035 |
|
|
|a (CaONFJC)MIL112684
|
| 035 |
|
|
|a (OCoLC)929146386
|
| 040 |
|
|
|a MiAaPQ
|c MiAaPQ
|d MiAaPQ
|
| 050 |
|
4 |
|a HF5718.5
|b .P84 2005
|
| 082 |
0 |
4 |
|a 658.4/53
|2 22
|
| 100 |
1 |
|
|a Pugh, David G.
|q (David George),
|d 1944-
|
| 245 |
1 |
0 |
|a Powerful proposals
|h [electronic resource] :
|b how to give your business the winning edge /
|c David G. Pugh and Terry R. Bacon.
|
| 260 |
|
|
|a New York :
|b American Management Association,
|c c2005.
|
| 300 |
|
|
|a xv, 254 p. :
|b ill.
|
| 504 |
|
|
|a Includes bibliographical references and index.
|
| 533 |
|
|
|a Electronic reproduction. Ann Arbor, MI : ProQuest, 2015. Available via World Wide Web. Access may be limited to ProQuest affiliated libraries.
|
| 650 |
|
0 |
|a Business writing.
|
| 650 |
|
0 |
|a Proposal writing in business.
|
| 655 |
|
4 |
|a Electronic books.
|
| 700 |
1 |
|
|a Bacon, Terry R.
|
| 710 |
2 |
|
|a ProQuest (Firm)
|
| 856 |
4 |
0 |
|u https://ebookcentral.proquest.com/lib/matrademy/detail.action?docID=3001793
|z Click to View
|